header

Poland (Record no. 3089)

MARC details
000 -LEADER
fixed length control field 01289nam a2200325 a 4500
082 04 - DEWEY DECIMAL CLASSIFICATION NUMBER
Classification number 330.9438057
245 00 - TITLE STATEMENT
Title Poland
260 ## - PUBLICATION, DISTRIBUTION, ETC. (IMPRINT)
Place of publication Geneva ;
-- [Great Britain] :
Name of publisher International Labour Office,
Year of publication 2001.
300 ## - PHYSICAL DESCRIPTION
Number of Pages xvi, 126 p. :
Other physical details ill.
490 1# - SERIES STATEMENT
Series statement Studies on the social dimensions of globalization
650 #0 - SUBJECT ADDED ENTRY--TOPICAL TERM
Topical Term Globalization
700 1# - ADDED ENTRY--PERSONAL NAME
Personal name Torres, Raymond.
856 40 - ELECTRONIC LOCATION AND ACCESS
Uniform Resource Identifier http://site.ebrary.com/lib/rucke/Doc?id=10002875

No items available.

© 2026 Rongo University
Contact us: librarian | system librarian | Rongo university